| 000 | 00924 a2200289 4500 | ||
|---|---|---|---|
| 003 | OSt | ||
| 005 | 20180116192353.0 | ||
| 008 | 120601t xxu||||| |||| 00| 0 eng d | ||
| 010 | _a 2005968968 | ||
| 020 | _a0534613934 | ||
| 020 | _a9780534613938 | ||
| 035 | _a(OCoLC)ocm68002168 | ||
| 040 | _c0 | ||
| 082 | _a745.4 | ||
| 100 | 1 |
_aZelanski, Paul. _93210 |
|
| 245 | 1 | 0 |
_aShaping space : _bthe dynamics of three-dimensional design / _cPaul Zelanski, Mary Pat Fisher. |
| 250 | _a3rd ed. | ||
| 260 |
_aAustralia ; _aUnited States : _bThomson Wadsworth, _cc2007. |
||
| 300 |
_aix, 278 p. : _bill. (some col.) ; _c23 cm. |
||
| 650 | 1 | 0 |
_aDesign. _93211 |
| 650 | 1 | 0 |
_aVisual perception. _93212 |
| 650 | 1 | 0 |
_aSpace (Art) _93213 |
| 650 | 1 | 0 |
_aRelief (Art) _93214 |
| 700 | 1 |
_aFisher, Mary Pat, _d1943- _93215 |
|
| 942 |
_aSADA _cBK _k745.4 ZEL 2007 _2ddc |
||
| 999 |
_c352997 _d352997 |
||